Referat učebnika P. Samuel'sona i V. Nordchausa "Ekonomiks".
Kapitola 32. Ekonomická úloha štátu: spoločenská voľba a vedľajšie efekty ekonomickej činnosti. Kapitola 33. Ekonomická úloha štátu: náklady a dane. kapitola 34. Nemajetnosť, rovnosť a efektívnosť.
Saved in:
| Format: | Book Chapter |
|---|---|
| Language: | Russian |
| Subjects: | |
| Tags: |
No Tags, Be the first to tag this record!
|
MARC
| LEADER | 00000naa a2200000 4500 | ||
|---|---|---|---|
| 001 | r001641 | ||
| 005 | 20220819192706.4 | ||
| 041 | 0 | |a rus | |
| 044 | |a [SU] | ||
| 245 | 1 | 0 | |a Referat učebnika P. Samuel'sona i V. Nordchausa "Ekonomiks". |
| 520 | |a Kapitola 32. Ekonomická úloha štátu: spoločenská voľba a vedľajšie efekty ekonomickej činnosti. Kapitola 33. Ekonomická úloha štátu: náklady a dane. kapitola 34. Nemajetnosť, rovnosť a efektívnosť. | ||
| 610 | 2 | 0 | |a štát |
| 610 | 2 | 0 | |a činnosť hospodárska |
| 610 | 2 | 0 | |a náklady |
| 610 | 2 | 0 | |a dane |
| 610 | 2 | 0 | |a vláda |
| 610 | 2 | 0 | |a chudoba |
| 610 | 2 | 0 | |a programy sociálne |
| 610 | 2 | 0 | |a rovnosť sociálna |
| 610 | 2 | 0 | |a efektívnosť |